000 00784cam a2200253 4500
001 1304783
003 ARRUPE
005 20160916084616.0
008 711126s1971 mx b 000 0 eng
010 _a 77030084
040 _aDLC
_cDLC
_dDLC
050 0 0 _aLB41
_b.R42 1971
082 0 0 _a370
100 1 _aReimer, Everett W.
_925893
245 1 3 _aAn essay on alternatives in education
_c[by] Everett Reimer.
250 _a2d ed., rev. and amplified.
260 _aCuernavaca,
_bCentro Intercultural de Documentacion,
_c1971.
300 _a1 v. (various pagings)
_c24 cm.
440 0 _aCIDOC cuaderno ;
_vno. 58
_925894
504 _aIncludes bibliographies.
650 0 _aEducation.
_918163
906 _a7
_bcbc
_corignew
_d4
_eocip
_f19
_gy-gencatlg
942 _2lcc
_cMONOGRAPH
999 _c125265
_d125265